02222cam a22003614i 4500003000900000005001700009008004100026020001500067020001800082035002000100040003300120082001500153245012400168250002100292264003900313300003900352336002100391337002500412338002300437505128200460526001001742526001001752526001001762526001001772526000801782526000801790526000801798526000801806526000801814526000801822526000801830650002201838PE-LiUPU20250731172859.0150623s r 000 0 d a0825434661 a9780825434662 a(Sirsi) a165804 aPE-LiUPUbspacPE-LiUPUerda04a266.3bO9600aOvercoming the world missions crisis :bthinking strategically to reach the world /cRussell L. Penney, general editor. aQuinta edición 1aGrand Rapids, MI :bKregel,c2001. a389 páginas ;c23 centímetros. atext2rdacontent aunmediated2rdamedia avolume2rdacarrier0 apt. 1. The crisis defined. The crisis in missions / Russell L. Penney -- The sufficiency of Scripture as a foundation for missions theology and practice / Russell L. Penney -- The proper place of the study of missions in systematic theology / Albert T. Platt. pt. 2. Key theological concerns: enduring and contemporary. The mission of the church / Russell L. Penney -- The sovereignty of God in missions / Michael Pocock -- The destiny of the unevangelized / George Hilgeman -- The challenge of religious pluralism / Chuck Sutton -- The challenge of postmodernism / Steven McAvoy -- The necessity of theological training for the missionary / J. Ronald Blue -- Women on the mission field / Russell L. Penney -- Demonology and the mission field / John F. Hart. pt. 3. Practical matters in missions. Financial support of the missionary / Russell L. Penney -- The responsibility of the local church / Russell L. Penney -- The role of the mission agency / Albert T. Platt -- The missionary's responsibility to the sending church and mission agency / Russell L. Penney -- Short-term missions / Jennifer Collins. Appendixes. Short-term mission references -- Support-raising letter -- Financial needs worksheet -- How you can help the Doezel family reach the Guarani people for Christ. aSEG42 aSEG41 aSEG40 aSEG39 aP94 aP87 aP86 aP85 aP77 aP76 aP3504aMundoxestrategia